000 00815nam a2200193 a 4500
001 000044961
005 20201002045750.0
008 150127s2014 dr ac 000 0 spa d
020 _a9789945855524
040 _aDO-SdBNP
_bspa
_cBNPHU
082 _axxxx
_bxxxx
100 1 _aSuazo Ruiz, Sócrates Danilo
_972981
245 1 3 _aLa República inmortal de Duarte :
_bhomenaje de las fuerzas armadas al padre de la patria en el bicentenario de su natalicio, 1813-2013 /
_cSócrates Danilo Suazo Ruiz, ERD ; prólogo almirante Sigfrido A. Pared Pérez, ARD.
260 _aSanto Domingo :
_bMinisterio de Defensa,
_bBanreservas,
_c2014.
300 _a159 p. :
_bil., retrs. ;
_c30 cm.
500 _aIncluye índice onomástico
504 _aBibliografía : p. 154-155
700 1 2 _aPared Pérez, Sigfrida A.,
_epról.
_972982
999 _c44450
_d44450